000 00453cam a22001934a 4500
005 20250605164333.0
008 250528s ||||||||||||||||||||||||d
035 _a23312
020 _a9780998785066
040 _aGR-AtMCL
_bgre
_dGR-AtMCL
_eAACR2
245 1 _aTrail guide to the body
250 _a6th
260 _bBooks of Discovery,
_c2019
300 _a440
700 1 _aBiel Andrew
_93959
942 _cBK
999 _c8339
_d8339